[Event "Espalion Op"]
[Site "Espalion"]
[Date "2017.07.15"]
[Round "1.1"]
[White "Cornette, Matthieu"]
[Black "Cavailles, Evan"]
[Result "1-0"]
[WhiteElo "2606"]
[BlackElo "1806"]
[PlyCount "87"]
[EventDate "2017.??.??"]

1. e4 c5 2. Nc3 Nc6 3. Bb5 e6 4. Bxc6 bxc6 5. d3 Nf6 6. f4 d5 7. e5 Nd7 8. Nf3
Be7 9. O-O Qc7 10. Qe1 Nb6 11. Ne2 Ba6 12. b3 Nd7 13. c4 f5 14. exf6 Bxf6 15.
Nc3 O-O-O 16. Bb2 Rhe8 17. Na4 Bxb2 18. Nxb2 e5 19. fxe5 Nxe5 20. Nxe5 Qxe5 21.
Qxe5 Rxe5 22. Na4 d4 23. Rae1 Rde8 24. Rxe5 Rxe5 25. Rf7 Rg5 26. h4 Rh5 27.
Rxg7 Kb8 28. g3 Bc8 29. Kg2 Be6 30. Kf3 Bc8 31. Kf4 Rf5+ 32. Ke4 Rf2 33. Nxc5
Bf5+ 34. Kxd4 Rxa2 35. g4 Bc8 36. g5 Bf5 37. Ke5 Bg6 38. Kd6 Re2 39. Na6+ Kc8
40. Rxa7 Bxd3 41. Nc5 Kb8 42. Re7 Rxe7 43. Kxe7 Bc2 44. Kd6 1-0

[Event "Espalion Op"]
[Site "Espalion"]
[Date "2017.07.15"]
[Round "1.2"]
[White "Muratet Casadevall, Elias"]
[Black "Libiszewski, Fabien"]
[Result "0-1"]
[WhiteElo "1805"]
[BlackElo "2542"]
[PlyCount "66"]
[EventDate "2017.??.??"]

1. d4 g6 2. Bf4 Bg7 3. e3 d6 4. h3 Nd7 5. Nf3 e5 6. Bh2 Nh6 7. Be2 O-O 8. O-O
f5 9. dxe5 dxe5 10. c3 Nf7 11. Nbd2 g5 12. Nc4 h5 13. Qc2 g4 14. Qxf5 gxf3 15.
Bxf3 Nb6 16. Qxh5 Nxc4 17. Be4 Ng5 18. Rad1 Nd6 19. Bc2 Bf5 20. Bb3+ Be6 21.
Bc2 Bf7 22. Qg4 Qe7 23. h4 Nh7 24. h5 Kh8 25. Bg6 Bxa2 26. Bxh7 Kxh7 27. Qg6+
Kh8 28. f4 Bf7 29. Qg4 Be6 30. Qf3 e4 31. Qf2 Bg4 32. Rd5 Nf5 33. Re1 Rad8 0-1

[Event "Espalion Op"]
[Site "Espalion"]
[Date "2017.07.15"]
[Round "1.3"]
[White "Sulava, Nenad"]
[Black "Huin, Eric"]
[Result "1-0"]
[WhiteElo "2480"]
[BlackElo "1801"]
[PlyCount "73"]
[EventDate "2017.??.??"]

1. Nf3 Nf6 2. g3 d5 3. Bg2 c6 4. O-O g6 5. b3 Bg7 6. Bb2 O-O 7. c4 Nbd7 8. Na3
e6 9. b4 dxc4 10. Nxc4 Nd5 11. Bxg7 Kxg7 12. Qb3 c5 13. b5 N7b6 14. Rfc1 Nxc4
15. Rxc4 b6 16. d4 Bb7 17. dxc5 bxc5 18. Rxc5 Qe7 19. Rac1 Rac8 20. Rxc8 Rxc8
21. Rxc8 Bxc8 22. Ne5 Bb7 23. Qb2 f6 24. Nd3 Nb6 25. Bxb7 Qxb7 26. Qa3 Kf7 27.
Qc5 Qd7 28. h4 Na4 29. Qb4 Nb6 30. a4 Nd5 31. Qc5 Qc7 32. Qxc7+ Nxc7 33. Nb4
Nd5 34. Nxd5 exd5 35. a5 Ke7 36. b6 axb6 37. a6 1-0

[Event "Espalion Op"]
[Site "Espalion"]
[Date "2017.07.15"]
[Round "1.4"]
[White "Carno, Matthias"]
[Black "Flear, Glenn C"]
[Result "1/2-1/2"]
[WhiteElo "1782"]
[BlackElo "2455"]
[PlyCount "117"]
[EventDate "2017.??.??"]

1. e4 e5 2. Nf3 Nc6 3. Bc4 Bc5 4. c3 Nf6 5. d4 exd4 6. cxd4 Bb4+ 7. Bd2 Nxe4 8.
Bxb4 Nxb4 9. Bxf7+ Kxf7 10. Qb3+ d5 11. Ne5+ Ke6 12. Qxb4 c5 13. Qa4 cxd4 14.
Nd3 Qb6 15. O-O Rf8 16. f3 Nf6 17. Nd2 Kf7 18. Nb3 Bf5 19. Ne5+ Kg8 20. Qxd4
Rfe8 21. Rfe1 Rac8 22. Qxb6 axb6 23. Rac1 Rxc1 24. Nxc1 d4 25. Ncd3 Nd5 26. Kf2
Kf8 27. g4 Bxd3 28. Nxd3 Rxe1 29. Kxe1 {(=)} Ke7 30. Kf2 Kd6 31. f4 Ne3 32. Kf3
Nf1 33. Ke4 Nxh2 34. g5 h5 35. gxh6 gxh6 36. Kxd4 h5 37. f5 h4 38. Nf4 Nf3+ 39.
Kc4 Kc6 40. f6 b5+ 41. Kb4 Ng5 42. Nh3 Nf7 43. Nf4 Nd6 44. a4 bxa4 45. Kxa4 Kd7
46. b4 Ke8 47. Ka5 Kf7 48. Kb6 Kxf6 49. Kc7 Kf5 50. Nh3 Ke5 (50... Kg4 51. Ng1
Nb5+ 52. Kxb7 (52. Kb6 Nd4 53. Kxb7 Kg3) 52... Kg3) 51. Kb6 Kd5 52. Kc7 b5 53.
Nf4+ Kc4 54. Kxd6 Kxb4 55. Kd5 Kc3 (55... Kb3 56. Ke4 Kc4 (56... b4 57. Nd5)
57. Ke3 b4 58. Ke2 b3 59. Kd2 Kd4) 56. Ke4 Kc4 57. Ne2 h3 58. Kf3 b4 59. Nc1
1/2-1/2

[Event "Espalion Op"]
[Site "Espalion"]
[Date "2017.07.15"]
[Round "1.5"]
[White "Daulyte, Deimante"]
[Black "Saya, Ethan"]
[Result "1-0"]
[WhiteElo "2419"]
[BlackElo "1775"]
[PlyCount "49"]
[EventDate "2017.??.??"]

1. e4 e5 2. Nf3 Nc6 3. Bb5 a6 4. Ba4 Nf6 5. O-O Be7 6. d3 b5 7. Bb3 O-O 8. Nc3
d6 9. a3 Be6 10. Nd5 Na5 11. Ba2 Bxd5 12. exd5 Qd7 13. b4 Nb7 14. Re1 c6 15.
dxc6 Qxc6 16. d4 e4 17. d5 Qc3 18. Bd2 Qb2 19. Bb3 Nd7 20. Rxe4 Qf6 21. Bg5 Qg6
22. Rxe7 f6 23. Rxd7 fxg5 24. Rxb7 g4 25. Nd4 1-0

[Event "Espalion Op"]
[Site "Espalion"]
[Date "2017.07.15"]
[Round "1.6"]
[White "Canivet, Arnaud"]
[Black "Genzling, Alain"]
[Result "0-1"]
[WhiteElo "1760"]
[BlackElo "2381"]
[PlyCount "56"]
[EventDate "2017.??.??"]

1. c4 c5 2. g3 Nc6 3. Bg2 g6 4. Nc3 Bg7 5. e3 e5 6. Nge2 Nge7 7. d4 exd4 8.
exd4 cxd4 9. Nb5 O-O 10. Nbxd4 d5 11. cxd5 Nxd5 12. O-O Nxd4 13. Nxd4 Nb6 14.
Nb3 Qxd1 15. Rxd1 Nc4 16. Nc5 Bg4 17. f3 Bf5 18. g4 Bc2 19. Rd7 b6 20. Nb7 Rfe8
21. Bg5 Bxb2 22. Rf1 Ba4 23. Rc7 Rac8 24. Rxc8 Rxc8 25. Bf4 Bd4+ 26. Kh1 Ne3
27. Bxe3 Bxe3 28. Nd6 Rc2 0-1

[Event "Espalion Op"]
[Site "Espalion"]
[Date "2017.07.15"]
[Round "1.7"]
[White "Muratet Casadevall, Albert"]
[Black "Colandrea, Sauveur"]
[Result "1/2-1/2"]
[WhiteElo "2201"]
[BlackElo "1752"]
[PlyCount "48"]
[EventDate "2017.??.??"]

1. e4 d6 2. d4 Nf6 3. Nc3 Nbd7 4. f4 e5 5. Nf3 exd4 6. Qxd4 c6 7. Be3 d5 8. Qd2
dxe4 9. Ng5 Bb4 10. Qd4 Qe7 11. O-O-O Bxc3 12. Qxc3 O-O 13. Bc4 h6 14. h4 a5
15. a3 Ng4 16. Bd4 Ngf6 17. g4 c5 18. Bxf6 Nxf6 19. Nxf7 Rxf7 20. g5 Be6 21.
gxf6 Qxf6 22. Bxe6 Qxe6 23. Kb1 b6 24. Rhg1 Re8 1/2-1/2

[Event "Espalion Op"]
[Site "Espalion"]
[Date "2017.07.15"]
[Round "1.8"]
[White "Masson, Valentin"]
[Black "Cappon, John"]
[Result "0-1"]
[WhiteElo "1733"]
[BlackElo "2197"]
[PlyCount "92"]
[EventDate "2017.??.??"]

1. d4 Nf6 2. Bf4 e6 3. e3 b6 4. Nf3 Bb7 5. Nbd2 Be7 6. Bd3 d6 7. O-O Nh5 8. h3
Nxf4 9. exf4 g6 10. Re1 Nd7 11. a4 Nf6 12. Ne4 O-O 13. a5 c5 14. c3 cxd4 15.
Nxd4 Nxe4 16. Bxe4 Bxe4 17. Rxe4 bxa5 18. Nc6 Qc7 19. Nxe7+ Qxe7 20. Rxa5 Rab8
21. Ra2 Rb7 22. Rea4 Rfb8 23. b4 Rc8 24. Qd4 Rcc7 25. Ra6 d5 26. Qe5 h5 27.
R2a5 Kh7 28. g3 Rc4 29. Kg2 Rbc7 30. Ra3 d4 31. cxd4 Rxb4 32. d5 exd5 33. Qxe7
Rxe7 34. Rxa7 Rxa7 35. Rxa7 Kg7 36. Re7 h4 37. Re5 hxg3 38. fxg3 Rb5 39. Kf3
Kf8 40. Kf2 {(=)} f6 41. Re3 Kf7 42. h4 d4 43. Re4 Rd5 44. Ke2 $2 f5 45. Re5
Rxe5+ 46. fxe5 Ke6 0-1

[Event "Espalion Op"]
[Site "Espalion"]
[Date "2017.07.15"]
[Round "1.9"]
[White "Gerard, Nicolas"]
[Black "Della Ragione, Enzo"]
[Result "1/2-1/2"]
[WhiteElo "2189"]
[BlackElo "1705"]
[PlyCount "69"]
[EventDate "2017.??.??"]

1. d4 Nf6 2. c4 g6 3. Nc3 Bg7 4. e4 d6 5. f4 c5 6. d5 O-O 7. Nf3 Bd7 8. Be2 Na6
9. O-O Nc7 10. a4 Bg4 11. h3 Bxf3 12. Bxf3 Nd7 13. Be3 Nb6 14. Qe2 e6 15. a5
Nc8 16. e5 exd5 17. Nxd5 Ne6 18. a6 b6 19. Nc3 Rb8 20. Rad1 Qe8 21. exd6 Nd4
22. Bxd4 Bxd4+ 23. Kh1 Nxd6 24. Nd5 Qxe2 25. Bxe2 Nf5 26. Rd3 b5 27. cxb5 Rxb5
28. g4 c4 29. Rdf3 Rxd5 30. gxf5 Rxf5 31. Bxc4 Bxb2 32. Bd3 Ra5 33. f5 g5 34.
f6 Ra1 35. Rxa1 1/2-1/2

[Event "Espalion Op"]
[Site "Espalion"]
[Date "2017.07.15"]
[Round "1.10"]
[White "Uliczny, Kevin"]
[Black "Menard, Baptiste"]
[Result "0-1"]
[WhiteElo "1690"]
[BlackElo "2167"]
[PlyCount "88"]
[EventDate "2017.??.??"]

1. e4 g6 2. d4 Bg7 3. Nf3 d6 4. Nc3 a6 5. Bc4 e6 6. O-O Ne7 7. Be3 Nd7 8. Qd2
h6 9. Ne2 Nf6 10. Bd3 b6 11. c4 Bb7 12. Nc3 d5 13. e5 Ne4 14. Qc2 Nxc3 15. bxc3
dxc4 16. Bxc4 Nd5 17. Bc1 c5 18. Ba3 cxd4 19. cxd4 Bf8 20. Bxf8 Kxf8 21. Nd2
Rc8 22. Qb3 b5 23. Be2 Nc3 24. Bf3 Bxf3 25. Nxf3 Kg7 26. Kh1 a5 27. Rac1 b4 28.
a3 Qd5 29. Qxd5 Nxd5 30. axb4 axb4 31. Nd2 Rc3 32. Rxc3 bxc3 33. Ne4 Rb8 34. g3
c2 35. Nd2 Nc3 36. Rc1 Rb1 37. Nxb1 cxb1=R 38. Rxb1 Nxb1 39. Kg2 g5 40. Kf3 Kg6
41. Ke4 g4 42. d5 exd5+ 43. Kxd5 Nc3+ 44. Kd4 Nd1 0-1

[Event "Espalion Op"]
[Site "Espalion"]
[Date "2017.07.15"]
[Round "1.11"]
[White "Moingt, Jean-Claude"]
[Black "Veschambre, Antoine"]
[Result "1-0"]
[WhiteElo "2155"]
[BlackElo "1682"]
[PlyCount "57"]
[EventDate "2017.??.??"]

1. Nf3 Nf6 2. g3 g6 3. c4 Bg7 4. Nc3 d6 5. Bg2 O-O 6. O-O e5 7. d3 Nbd7 8. Rb1
Ne8 9. b4 a5 10. a3 f5 11. Ng5 $1 Ndf6 12. Qb3 c6 13. f4 $1 h6 14. c5+ d5 15.
fxe5 hxg5 16. Bxg5 Qe7 17. exf6 Nxf6 18. e4 Qe5 19. exd5 cxd5 20. Bxf6 Bxf6 21.
Qxd5+ Be6 22. Qxe5 Bxe5 23. Rfe1 Bd4+ 24. Kh1 Bf7 25. Nb5 Bf6 26. Nd6 Ba2 27.
Rbc1 axb4 28. axb4 Ra4 29. b5 1-0

[Event "Espalion Op"]
[Site "Espalion"]
[Date "2017.07.15"]
[Round "1.12"]
[White "Verat-Fayolle, Celian"]
[Black "Flear, Christine"]
[Result "0-1"]
[WhiteElo "1678"]
[BlackElo "2078"]
[PlyCount "90"]
[EventDate "2017.??.??"]

1. e4 c5 2. Nf3 e6 3. d4 cxd4 4. Nxd4 a6 5. Nc3 Qc7 6. Be3 Nf6 7. f3 Bb4 8. Qd2
d5 9. exd5 Nxd5 10. Nde2 Nxe3 11. Qxe3 O-O 12. O-O-O Nc6 13. Ng3 b5 14. Nge4
Bb7 15. a3 Be7 16. Ng5 Qe5 17. Qxe5 Nxe5 18. Nge4 Rfd8 19. Be2 f5 20. Nf2 Kf7
21. Rhe1 Bg5+ 22. Kb1 Nc6 23. Nd3 Be7 24. f4 Nd4 25. Ne5+ Kf8 26. Bf1 Rac8 27.
g3 Bxa3 28. Bd3 Bb4 29. g4 g6 30. gxf5 exf5 31. h4 Bxc3 32. bxc3 Rxc3 33. h5
Nf3 34. Nxf3 Bxf3 35. hxg6 hxg6 36. Rd2 Rd4 37. Rf2 Rb4+ 38. Kc1 Be4 39. Rfe2
Ra3 40. Bxe4 Ra1+ 41. Kd2 Rxe1 42. Rxe1 Rxe4 43. Ra1 Re6 44. Kd3 Kf7 45. Kd4
Ke7 0-1

[Event "Espalion Op"]
[Site "Espalion"]
[Date "2017.07.15"]
[Round "1.13"]
[White "Estadieu, Romeo"]
[Black "Menardo, Philippe"]
[Result "1-0"]
[WhiteElo "2049"]
[BlackElo "1631"]
[PlyCount "49"]
[EventDate "2017.??.??"]

1. d4 d5 2. c4 c6 3. Nf3 Bf5 4. Nc3 e6 5. Qb3 Qb6 6. c5 Qc7 7. Bf4 Qc8 8. e3
Nf6 9. h3 Be7 10. Be2 O-O 11. O-O Bd8 12. Ne5 Bc7 13. g4 Bg6 14. h4 h5 15. Nxg6
fxg6 16. Bxc7 Qxc7 17. f4 hxg4 18. Qc2 Qf7 19. Kg2 Nh5 20. Bxg4 Nd7 21. Rf2
Ndf6 22. Be2 Nh7 23. Bd3 N7f6 24. Bxg6 Qe7 25. Qe2 1-0

[Event "Espalion Op"]
[Site "Espalion"]
[Date "2017.07.15"]
[Round "1.14"]
[White "Mourgues, Joelle"]
[Black "Israel, Gregory"]
[Result "0-1"]
[WhiteElo "1624"]
[BlackElo "2043"]
[PlyCount "77"]
[EventDate "2017.??.??"]

1. Nf3 d6 2. g3 e5 3. d3 Be7 4. Bg2 c6 5. O-O Be6 6. c3 h6 7. e4 Nf6 8. Nbd2
Nbd7 9. Qc2 Qc7 10. a4 g5 11. Nc4 Nc5 12. b4 Ncxe4 13. Ncxe5 dxe5 14. dxe4 Rd8
15. Bb2 Bc4 16. Rfd1 O-O 17. Bf1 Bxf1 18. Kxf1 Nh5 19. Qe2 Ng7 20. c4 Bf6 21.
c5 Ne6 22. Rac1 a5 23. b5 cxb5 24. Rxd8 Rxd8 25. axb5 Nxc5 26. Kg2 b6 27. Qc2
g4 28. Ne1 Qb7 29. Qe2 h5 30. f3 gxf3+ 31. Qxf3 Qxe4 32. Qxe4 Nxe4 33. Rc6 Rd2+
34. Kf3 Ng5+ 35. Ke3 Rxb2 36. Rxf6 Rxb5 37. Rf5 Ne6 38. Kd3 Kg7 39. Rxh5 0-1

[Event "Espalion Op"]
[Site "Espalion"]
[Date "2017.07.15"]
[Round "1.15"]
[White "Moingt, Anne"]
[Black "Boulier, Rene"]
[Result "1-0"]
[WhiteElo "2027"]
[BlackElo "1608"]
[PlyCount "71"]
[EventDate "2017.??.??"]

1. e4 e6 2. d4 b6 3. Nf3 Ba6 4. Bxa6 Nxa6 5. O-O c6 6. Nc3 Bb4 7. a3 Bxc3 8.
bxc3 Ne7 9. Bf4 d5 10. Qd3 Nc7 11. Rfe1 O-O 12. c4 dxe4 13. Qxe4 Rc8 14. Rad1
Ne8 15. Qd3 h6 16. Ne5 Nf6 17. Qf3 Qe8 18. Bxh6 gxh6 19. Qxf6 Kh7 20. Re3 c5
21. d5 Nf5 22. Red3 Qd8 23. Qxd8 Rcxd8 24. dxe6 Rxd3 25. Rxd3 fxe6 26. Rd7+ Ng7
27. Rxa7 Rd8 28. Nd7 Kg6 29. g3 Nf5 30. Kg2 Nd4 31. c3 Ne2 32. Nxb6 Nxc3 33.
Nd7 Ne4 34. a4 Nd6 35. Nb6 Rb8 36. a5 1-0

[Event "Espalion Op"]
[Site "Espalion"]
[Date "2017.07.15"]
[Round "1.16"]
[White "Deceuninck, Andre"]
[Black "Verot, Melanie"]
[Result "0-1"]
[WhiteElo "1578"]
[BlackElo "2024"]
[PlyCount "70"]
[EventDate "2017.??.??"]

1. c4 e6 2. g3 d5 3. e3 Nf6 4. Bg2 c6 5. Ne2 Be7 6. b3 O-O 7. Bb2 Na6 8. O-O
dxc4 9. bxc4 Qd3 10. Nbc3 Qxc4 11. d4 Nb4 12. Nf4 Nbd5 13. Nfe2 Nxc3 14. Nxc3
Nd5 15. Ne4 f5 16. Nd2 Qd3 17. Re1 Bb4 18. Nc4 Qxd1 19. Rexd1 Bd7 20. Rd3 Be8
21. Rb3 b5 22. Ne5 a5 23. a4 Rc8 24. Nd3 bxa4 25. Rxa4 c5 26. Raxb4 cxb4 27.
Nc5 Kf7 28. e4 fxe4 29. Bxe4 Bb5 30. Rf3+ Ke7 31. Rxf8 Rxf8 32. Bxh7 a4 33. Ne4
Rh8 34. Ng5 Rc8 35. Nf3 a3 0-1

[Event "Espalion Op"]
[Site "Espalion"]
[Date "2017.07.15"]
[Round "1.17"]
[White "Larcheveque, Francois"]
[Black "Marie, Olivier"]
[Result "1-0"]
[WhiteElo "2023"]
[BlackElo "1572"]
[PlyCount "57"]
[EventDate "2017.??.??"]

1. d4 g6 2. g3 c5 3. d5 Na6 4. Bg2 Bg7 5. Nf3 Nf6 6. O-O d6 7. c4 Qb6 8. Nc3
O-O 9. a3 Bd7 10. h3 Qd8 11. Re1 Qc8 12. Kh2 Rb8 13. e4 b5 14. e5 dxe5 15. Nxe5
b4 16. Nxd7 Nxd7 17. Nb5 Ne5 18. Nxa7 Qd7 19. Nc6 Nxc6 20. dxc6 Qxd1 21. Rxd1
Bd4 22. axb4 Nxb4 23. Ra7 Rfe8 24. Rb7 Bxf2 25. Rdd7 Rbc8 26. c7 e5 27. Ra7 e4
28. Bxe4 f5 29. Bb7 1-0

[Event "Espalion Op"]
[Site "Espalion"]
[Date "2017.07.15"]
[Round "1.18"]
[White "Veschambre, Martin"]
[Black "Grichkevitch, Gilles"]
[Result "0-1"]
[WhiteElo "1539"]
[BlackElo "1990"]
[PlyCount "88"]
[EventDate "2017.??.??"]

1. d4 Nf6 2. Bf4 c5 3. d5 Qb6 4. Nc3 Qxb2 5. Bd2 Qb6 6. e4 d6 7. f4 Qd8 8. Nf3
a6 9. a4 e6 10. Bd3 exd5 11. Nxd5 Nxd5 12. exd5 Be7 13. O-O h6 14. Bc3 O-O 15.
Rb1 Nd7 16. a5 Bf6 17. Qd2 Re8 18. Rfe1 Rxe1+ 19. Qxe1 Bxc3 20. Qxc3 Nf6 21.
Bc4 Qc7 22. Qd2 Bg4 23. Be2 Re8 24. c4 Qe7 25. Kf1 Bf5 26. Re1 Ng4 27. Bd1 Qd8
28. h3 Nf6 29. g4 Bc8 30. Bc2 h5 31. gxh5 Bxh3+ 32. Kg1 Rxe1+ 33. Qxe1 Qd7 34.
Nh2 Bf5 35. Bd1 Qe8 36. Qxe8+ Nxe8 37. Ng4 Bd3 38. Ne3 f5 39. Kf2 Nf6 40. Kg2
Kf7 41. Kh3 Ne4 42. Bb3 Nd2 43. Ba2 Kf6 44. Kh4 Be2 0-1

[Event "Espalion Op"]
[Site "Espalion"]
[Date "2017.07.15"]
[Round "1.19"]
[White "Lagunes, Jean-Renaud"]
[Black "Desai, Nilomi"]
[Result "1-0"]
[WhiteElo "1951"]
[BlackElo "1502"]
[PlyCount "97"]
[EventDate "2017.??.??"]

1. e4 c6 2. d4 d5 3. Nc3 dxe4 4. Nxe4 Bf5 5. Ng3 Bg6 6. Nh3 e6 7. Bc4 Bd6 8.
Bf4 Nf6 9. O-O O-O 10. c3 Re8 11. Re1 Bxf4 12. Nxf4 Qc7 13. Qf3 Nbd7 14. h4 Nb6
15. Bb3 Nbd5 16. Nxg6 hxg6 17. h5 Nf4 18. hxg6 Nxg6 19. Nh5 Nxh5 20. Qxh5 Qf4
21. Bxe6 Rxe6 22. Rxe6 fxe6 23. Qxg6 Qf6 24. Qe4 Re8 25. Re1 Kf7 26. Re3 Ke7
27. d5 Kd7 28. dxe6+ Rxe6 29. Qxe6+ Qxe6 30. Rxe6 Kxe6 31. f4 Kf5 32. g3 Ke4
33. Kf2 g6 34. Ke2 c5 35. a4 c4 36. a5 b6 37. a6 b5 38. Kf2 Kd3 39. g4 Kc2 40.
f5 gxf5 41. gxf5 Kxb2 42. f6 Kxc3 43. f7 Kb3 44. f8=Q c3 45. Ke2 b4 46. Kd1 Kb2
47. Qxb4+ Ka2 48. Kc2 Ka1 49. Qa5# 1-0

[Event "Espalion Op"]
[Site "Espalion"]
[Date "2017.07.15"]
[Round "1.20"]
[White "Lemaire, Frederic"]
[Black "Crouzet, Emeric"]
[Result "0-1"]
[WhiteElo "1486"]
[BlackElo "1950"]
[PlyCount "92"]
[EventDate "2017.??.??"]

1. d4 Nf6 2. Nf3 g6 3. e3 d5 4. h3 Bg7 5. Bd3 c5 6. b3 O-O 7. Bb2 Nc6 8. a3 Qb6
9. Nbd2 c4 10. Be2 Re8 11. O-O e5 12. dxe5 Ne4 13. Nxe4 dxe4 14. Nd2 cxb3 15.
cxb3 Bf5 16. Nc4 Qd8 17. Nd6 Bxe5 18. Bxe5 Rxe5 19. Nxf5 Rxf5 20. Qc2 Qe7 21.
Rad1 Rc5 22. Qb2 Ne5 23. b4 Rc7 24. Rd5 Nc4 25. Qd4 Nxa3 26. Rd1 Nc2 27. Qb2
Nxb4 28. Re5 Rc2 29. Qd4 Qc7 30. Bb5 a6 31. Ba4 Rc4 32. Qa1 Nd3 33. Re8+ Rxe8
34. Bxe8 Qc8 35. Ba4 Nc5 36. Rd4 Nxa4 37. Rd1 Nc3 38. Rd2 Qc7 39. Qf1 a5 40. g3
b5 41. Kh2 a4 42. h4 b4 43. Qh3 b3 44. Rd7 Qc8 45. h5 Rc7 46. hxg6 hxg6 0-1

[Event "Espalion Op"]
[Site "Espalion"]
[Date "2017.07.15"]
[Round "1.21"]
[White "Dubois, Martine"]
[Black "Breton, Vadim"]
[Result "1-0"]
[WhiteElo "1946"]
[BlackElo "1412"]
[PlyCount "27"]
[EventDate "2017.??.??"]

1. e4 e5 2. Bc4 c6 3. Qe2 Bc5 4. Bxf7+ Ke7 5. Bxg8 Rxg8 6. d4 Qa5+ 7. Bd2 Bb4
8. c3 Bd6 9. Qh5 h6 10. Nf3 Qb5 11. dxe5 Qxb2 12. exd6+ Ke6 13. Qf5+ Kxd6 14.
Qe5# 1-0

[Event "Espalion Op"]
[Site "Espalion"]
[Date "2017.07.15"]
[Round "1.22"]
[White "Duvette, Michel"]
[Black "Pass, Deborah J"]
[Result "0-1"]
[WhiteElo "1412"]
[BlackElo "1920"]
[PlyCount "106"]
[EventDate "2017.??.??"]

1. d4 Nf6 2. Bf4 g6 3. e3 Bg7 4. h3 O-O 5. Nf3 c5 6. c3 cxd4 7. cxd4 d6 8. Be2
Qb6 9. Nfd2 Qxb2 10. Nb3 e5 11. dxe5 dxe5 12. Bh2 Nc6 13. N1d2 Bf5 14. Qc1
Qxc1+ 15. Rxc1 Ne4 16. Nxe4 Bxe4 17. f3 Bd5 18. e4 Be6 19. Nc5 Bxa2 20. Nxb7
Nd4 21. Na5 Rfc8 22. Kf2 Rcb8 23. Nc4 Nxe2 24. Kxe2 Bxc4+ 25. Rxc4 Rb2+ 26. Kd1
Rxg2 27. Bg1 a5 28. Be3 a4 29. Rc2 Rxc2 30. Kxc2 f5 31. Ra1 Kf7 32. Kc3 Rc8+
33. Kd3 f4 34. Bd2 Ra8 35. Kc4 a3 36. Kb3 a2 37. Rxa2 Rxa2 38. Kxa2 Kf6 39. Kb3
Kg5 40. Be1 Bf8 41. Kc4 Kf6 42. Kd5 Bg7 43. Bc3 Kg5 44. Bxe5 Bh6 45. Ke6 Kh4
46. Bf6+ Kg3 47. Kf7 Kxf3 48. e5 Kg2 49. e6 f3 50. e7 f2 51. e8=Q f1=Q 52. Qc8
Qf5 53. Qc6+ Kh2 $138 0-1

[Event "Espalion Op"]
[Site "Espalion"]
[Date "2017.07.15"]
[Round "1.23"]
[White "Bessiere, Alain"]
[Black "Hadamard, Olivier"]
[Result "0-1"]
[WhiteElo "1360"]
[BlackElo "1906"]
[PlyCount "40"]
[EventDate "2017.??.??"]

1. Nf3 d5 2. c4 c6 3. e3 Nf6 4. Be2 Bg4 5. h3 Bh5 6. O-O dxc4 7. g4 Bg6 8. Bxc4
Nbd7 9. d3 e6 10. a4 Bd6 11. Nc3 Nb6 12. Ba2 Bxd3 13. Re1 Bc4 14. Bxc4 Nxc4 15.
b3 Nb6 16. Kg2 Bb4 17. Qxd8+ Rxd8 18. Bb2 O-O 19. Rec1 Rd3 20. Ne1 Rd2 0-1

[Event "Espalion Op"]
[Site "Espalion"]
[Date "2017.07.15"]
[Round "1.24"]
[White "Pla, Jean"]
[Black "Joliez, Didier"]
[Result "0-1"]
[WhiteElo "1356"]
[BlackElo "1901"]
[PlyCount "98"]
[EventDate "2017.??.??"]

1. c4 e5 2. Nc3 Nf6 3. Nf3 d6 4. g3 Be7 5. Bg2 O-O 6. O-O Nc6 7. a3 h6 8. b4 a6
9. d3 Be6 10. h3 Qc8 11. Kh2 Nd4 12. e3 Nxf3+ 13. Qxf3 c6 14. e4 Nh7 15. h4 f5
16. Bh3 f4 17. Bxe6+ Qxe6 18. Qg2 f3 19. Qh3 Qxh3+ 20. Kxh3 g5 21. Rg1 Kg7 22.
Nd1 h5 23. Ne3 g4+ 24. Kh2 Kf7 25. Nf5 Rfd8 26. Bb2 Bf6 27. Ne3 Ke6 28. Rgd1
Nf8 29. d4 Ng6 30. d5+ cxd5 31. Nxd5 Rac8 32. Rac1 Ne7 33. Nxe7 Bxe7 34. Rd5
Rd7 35. c5 Rdc7 36. Kg1 b6 37. Kf1 bxc5 38. bxc5 Rxc5 39. Rdxc5 Rxc5 40. Rxc5
dxc5 41. a4 c4 42. Bc3 Bc5 43. Ke1 Kd6 44. Bd2 Bd4 45. Bb4+ Kc6 46. Ba3 Bc3+
47. Kd1 Kb6 48. Bc1 Bd4 49. Ke1 Ka5 0-1

[Event "Espalion Op"]
[Site "Espalion"]
[Date "2017.07.15"]
[Round "1.25"]
[White "Lagunes, Robin"]
[Black "Brun, Pierre"]
[Result "1-0"]
[WhiteElo "1893"]
[BlackElo "1353"]
[PlyCount "105"]
[EventDate "2017.??.??"]

1. e4 e6 2. d4 d5 3. Nc3 Bb4 4. e5 c5 5. a3 Bxc3+ 6. bxc3 Qc7 7. Bd2 cxd4 8.
cxd4 Nc6 9. c3 f6 10. f4 f5 11. Nf3 Nge7 12. Bd3 Ng6 13. h4 h6 14. h5 Nf8 15.
Rc1 Na5 16. c4 Nxc4 17. Bxc4 dxc4 18. Qa4+ Bd7 19. Rxc4 Qb6 20. Qc2 Bc6 21. Bb4
Kf7 22. Kf2 Rc8 23. Qc3 Nd7 24. Kg3 a6 25. Rc1 Rcg8 26. Rxc6 bxc6 27. Qxc6 Qxc6
28. Rxc6 Ra8 29. d5 a5 30. dxe6+ Ke8 31. exd7+ Kxd7 32. Rd6+ Ke8 33. Re6+ Kf7
34. Re7+ Kg8 35. Bd6 a4 36. Nd4 Rh7 37. Nxf5 g6 38. hxg6 Rxe7 39. Bxe7 Ra6 40.
Bf6 Ra7 41. Nxh6+ Kf8 42. g7+ Rxg7+ 43. Bxg7+ Kxg7 44. Nf5+ Kg6 45. Nd6 Kg7 46.
f5 Kf8 47. f6 Kg8 48. e6 Kf8 49. e7+ Kg8 50. e8=Q+ Kh7 51. Qh5+ Kg8 52. Qg6+
Kf8 53. Qg7# 1-0

[Event "Espalion Op"]
[Site "Espalion"]
[Date "2017.07.15"]
[Round "1.26"]
[White "Callebaut, Katia"]
[Black "Pascot, Jean"]
[Result "0-1"]
[WhiteElo "1296"]
[BlackElo "1856"]
[PlyCount "86"]
[EventDate "2017.??.??"]

1. e4 b6 2. Nf3 Bb7 3. Nc3 e6 4. a3 g6 5. d4 Bg7 6. e5 Ne7 7. Bg5 h6 8. Bf6
Bxf6 9. exf6 Nd5 10. Ne4 Nxf6 11. Nxf6+ Qxf6 12. Be2 d6 13. c3 O-O 14. O-O Nd7
15. Qd2 Kg7 16. Qe3 Rae8 17. Bb5 c6 18. Bd3 e5 19. Rfe1 e4 20. Bxe4 d5 21. Ne5
Nxe5 22. dxe5 Rxe5 23. Qd4 c5 24. Qa4 dxe4 25. Re3 Qc6 26. b3 f5 27. Qxc6 Bxc6
28. f4 Rd5 29. c4 Rd4 30. Ra2 Rfd8 31. Kf2 Kf6 32. Rb2 g5 33. g3 Rd2+ 34. Rxd2
Rxd2+ 35. Kg1 Rd3 36. Kf2 gxf4 37. gxf4 Kg6 38. Rg3+ Rxg3 39. hxg3 Kh5 40. b4
Kg4 41. b5 Bxb5 42. cxb5 c4 43. Ke3 c3 0-1

[Event "Espalion Op"]
[Site "Espalion"]
[Date "2017.07.15"]
[Round "1.28"]
[White "Martinez, Felicien"]
[Black "Montsma, Foppe-Jan"]
[Result "1-0"]
[WhiteElo "1199"]
[BlackElo "1834"]
[PlyCount "67"]
[EventDate "2017.??.??"]

1. e4 e5 2. Nf3 Nc6 3. Bc4 g6 4. d3 h6 5. Nbd2 Bg7 6. c3 Nf6 7. O-O O-O 8. Re1
d6 9. Nf1 Kh7 10. h3 Bd7 11. b4 Be6 12. Bb3 Qd7 13. N3h2 Rad8 14. f4 a6 15. Bc2
exf4 16. Bxf4 d5 17. Ng3 d4 18. Bd2 Qd6 19. Ne2 dxc3 20. Bxc3 Nxb4 21. d4 Qe7
22. Bxb4 Qxb4 23. Rb1 Qa5 24. Rxb7 Rb8 25. Rxb8 Rxb8 26. Rf1 c6 27. Nf4 Bc4 28.
Rf2 Qg5 29. Ne2 Re8 30. e5 Nd5 31. Bd3 Ne3 32. Qb1 Bxd3 33. Qxd3 Rb8 $4 34. Nf3
1-0

[Event "Espalion Op"]
[Site "Espalion"]
[Date "2017.07.15"]
[Round "1.29"]
[White "Rihouey, Franck"]
[Black "Saya, Yann"]
[Result "1-0"]
[WhiteElo "1827"]
[BlackElo "1199"]
[PlyCount "49"]
[EventDate "2017.??.??"]

1. d4 d5 2. e4 dxe4 3. Nc3 Nf6 4. f3 exf3 5. Nxf3 Nc6 6. Bc4 Bg4 7. Be3 e6 8.
O-O Bd6 9. h3 Bxf3 10. Qxf3 O-O 11. Rad1 Qe7 12. Bg5 h6 13. Bxf6 Qxf6 14. Qxf6
gxf6 15. Rxf6 Nb4 16. Bb3 Be7 17. Rxh6 Rad8 18. a3 Bg5 19. Rh5 Be3+ 20. Kh1 Nc6
21. d5 exd5 22. Nxd5 Bd4 23. Rd3 Bxb2 24. Rg3+ Bg7 25. Nf6# 1-0

[Event "Espalion Op"]
[Site "Espalion"]
[Date "2017.07.15"]
[Round "1.30"]
[White "Brun, Emilie"]
[Black "Labarrere, Daniel"]
[Result "0-1"]
[WhiteElo "1130"]
[BlackElo "1816"]
[PlyCount "72"]
[EventDate "2017.??.??"]

1. Nf3 d5 2. d4 Nf6 3. e3 Bg4 4. Be2 c6 5. c3 Nbd7 6. Ne5 Bxe2 7. Qxe2 e6 8.
Nd2 Nxe5 9. dxe5 Nd7 10. c4 Nxe5 11. cxd5 cxd5 12. O-O Be7 13. e4 O-O 14. exd5
Qxd5 15. Nf3 Nxf3+ 16. Qxf3 Qxf3 17. gxf3 Rac8 18. Be3 a6 19. Rfc1 f5 20. f4
Kf7 21. Rxc8 Rxc8 22. a4 h6 23. Bd2 g5 24. fxg5 hxg5 25. b4 Rc2 26. Be1 e5 27.
b5 axb5 28. axb5 Ke6 29. Ra7 Rc1 30. Kf1 Bb4 31. Rxb7 Rxe1+ 32. Kg2 Bd6 33. f3
Rb1 34. Kg3 e4+ 35. Kf2 Rb2+ 36. Ke3 Bc5# 0-1